<?xml version="1.0" encoding="UTF-8"?>
<collection xmlns="http://www.loc.gov/MARC21/slim">
<record>
  <controlfield tag="001">150481</controlfield>
  <controlfield tag="005">20251017144617.0</controlfield>
  <datafield tag="024" ind1="7" ind2=" ">
    <subfield code="2">doi</subfield>
    <subfield code="a">10.4995/redu.2013.5567</subfield>
  </datafield>
  <datafield tag="024" ind1="8" ind2=" ">
    <subfield code="2">sideral</subfield>
    <subfield code="a">121824</subfield>
  </datafield>
  <datafield tag="037" ind1=" " ind2=" ">
    <subfield code="a">ART-2013-121824</subfield>
  </datafield>
  <datafield tag="041" ind1=" " ind2=" ">
    <subfield code="a">spa</subfield>
  </datafield>
  <datafield tag="100" ind1=" " ind2=" ">
    <subfield code="a">Gil Albarova, Amaya</subfield>
    <subfield code="0">(orcid)0000-0002-4756-4853</subfield>
  </datafield>
  <datafield tag="245" ind1=" " ind2=" ">
    <subfield code="a">Estudiantes universitarios y calidad del plan de acción tutorial. Valoraciones y mejoras</subfield>
  </datafield>
  <datafield tag="260" ind1=" " ind2=" ">
    <subfield code="c">2013</subfield>
  </datafield>
  <datafield tag="506" ind1="0" ind2=" ">
    <subfield code="a">Access copy available to the general public</subfield>
    <subfield code="f">Unrestricted</subfield>
  </datafield>
  <datafield tag="520" ind1="3" ind2=" ">
    <subfield code="a">Con la implantación del Espacio Europeo de Educación Superior, las universidades han integrado los planes de acción tutorial dentro del proceso de enseñanza aprendizaje. La evaluación de los resultados de la implantación de estos planes pondría de manifiesto la necesidad de mejorarlos de forma continua para que sean cada vez más efectivos.

Después de analizar anualmente los resultados de la acción tutorial en los seis años que lleva implantado el Plan de acción tutorial en la Universidad San Jorge, se lleva a cabo una investigación tipo descriptivo en la que se analizan las valoraciones de los estudiantes de grado de la Universidad San Jorge sobre varios aspectos de la acción tutorial universitaria: su consideración como parte del proceso de aprendizaje, las necesidades que debe cubrir, los factores más valorados en el tutor y una serie de propuestas de mejora basadas en las experiencias de otras universidades nacionales e internacionales.

Se presenta un análisis descriptivo de las variables indicadas a nivel general de la universidad. Entre los resultados obtenidos se observa que los estudiantes consideran más importantes cubrir las necesidades de desarrollo profesional que las de desarrollo académico y personal, el trato humano es el aspecto más valorado del tutor y prefieren la entrevista personal como medio de comunicación con su tutor. Las propuestas de mejora más valoradas han sido la incorporación de estudiantes de cursos superiores como mentores (tutoría entre iguales) y mantener el mismo tutor a lo largo de toda la carrera.</subfield>
  </datafield>
  <datafield tag="540" ind1=" " ind2=" ">
    <subfield code="9">info:eu-repo/semantics/openAccess</subfield>
    <subfield code="a">by-nc-nd</subfield>
    <subfield code="u">https://creativecommons.org/licenses/by-nc-nd/4.0/deed.es</subfield>
  </datafield>
  <datafield tag="655" ind1=" " ind2="4">
    <subfield code="a">info:eu-repo/semantics/article</subfield>
    <subfield code="v">info:eu-repo/semantics/publishedVersion</subfield>
  </datafield>
  <datafield tag="700" ind1=" " ind2=" ">
    <subfield code="a">Martínez Odría, Aránzazu</subfield>
  </datafield>
  <datafield tag="700" ind1=" " ind2=" ">
    <subfield code="a">Tunnicliffe, Andy</subfield>
  </datafield>
  <datafield tag="700" ind1=" " ind2=" ">
    <subfield code="a">Miguel Moneo, Jorge</subfield>
  </datafield>
  <datafield tag="773" ind1=" " ind2=" ">
    <subfield code="g">11, 2 (2013), 63-87</subfield>
    <subfield code="p">REDU</subfield>
    <subfield code="t">REDU. Revista de Docencia Universitaria</subfield>
    <subfield code="x">1887-4592</subfield>
  </datafield>
  <datafield tag="856" ind1="4" ind2=" ">
    <subfield code="s">758835</subfield>
    <subfield code="u">http://zaguan.unizar.es/record/150481/files/texto_completo.pdf</subfield>
    <subfield code="y">Versión publicada</subfield>
  </datafield>
  <datafield tag="856" ind1="4" ind2=" ">
    <subfield code="s">1411897</subfield>
    <subfield code="u">http://zaguan.unizar.es/record/150481/files/texto_completo.jpg?subformat=icon</subfield>
    <subfield code="x">icon</subfield>
    <subfield code="y">Versión publicada</subfield>
  </datafield>
  <datafield tag="909" ind1="C" ind2="O">
    <subfield code="o">oai:zaguan.unizar.es:150481</subfield>
    <subfield code="p">articulos</subfield>
    <subfield code="p">driver</subfield>
  </datafield>
  <datafield tag="951" ind1=" " ind2=" ">
    <subfield code="a">2025-10-17-14:19:55</subfield>
  </datafield>
  <datafield tag="980" ind1=" " ind2=" ">
    <subfield code="a">ARTICLE</subfield>
  </datafield>
</record>
</collection>